Представление документа в формате MARC21

Поле Инд. ПП Название Значение
Тип записи a
Библиографический уровень m
001 Контрольный номер RU/IS/BASE/234439993
005 Дата корректировки 20230216085757.3
040 b Код языка каталог. rus
041 0_ a Код языка текста rus
080 a Индекс УДК 658.512.2
084 a Индекс другой классификации/Индекс ББК 30.2
090 a Полочн. индекс 658
x Авторский знак Б36
097 b Оператор 11
100 1_ a Автор Бевзелюк А. А.
245 10 a Заглавие Эффективность конструкторских работ
c Ответственность ред. И. И. Сержинский
260 a Место издания Мн.
b Издательство Наука и техника
c Дата издания 1981
300 a Объем 119 с.
510 0_ a Примечание о ссылках Книги и методические пособия
650 04 a Основная рубрика 81.14 Проектирование. Конструирование
x Основная подрубрика 81.14.03 Организация и планирование проектных работ
653 0_ a Ключевые слова конструкторские работы
901 t Тип документа m